000 00995nam a2200289 i 4500
003 DO-SdBNP
005 20250502144455.0
007 ta
008 250502b dr ||||| |||| 00| 0 spa d
020 _a9789945500097
040 _aDO-SdBNP
_bspa
_cBNPHU
_erda
082 4 _axxx
_bxxx
_222
100 _aEncarnación, Christian,
_eautor
_4aut.
_987570
245 1 0 _aAusencia del vacio /
_cChristian Encarnación ; corrección, Clara Dobarro
264 4 _aSanto Domingo :
_bEditora Nacional,
_c©2024.
300 _a110 páginas ;
_c21 cm.
336 _atexto
_btxt
_2rdacontent
337 _asin mediación
_bn
_2rdamedia
338 _avolumen
_bnc
_2rdacarrier
490 _aPoesía
500 _aIncluye datos biográficos del autor en la solapa de la cubierta
586 _aPremio Joven de Poesía Zacarías Espinal. Feria Internacional del Libro 2021.
590 _aInventariado, 2025/BT
700 1 _aDobarro, Clara,
_ecorrector
_4corr.
_934619
910 _aBtavárez
942 _2ddc
_cLBS1
999 _c58926
_d58926